000 00494cam a22001337a 4500
008 180718b2001 xxu||||| |||| 00| 0 eng d
100 _aFofack, Hippolyte
245 _aHousehold welfare and poverty dynamics in Burkina faso: empirical evidence from household surveys
_cby Hippolyte Fofack, Celestin Monga and Hasan Tuluy
260 _aWashington, D.C.
_bWorld Bank
_c2001
300 _a32p.
440 _aPolicy research working paper 2590
700 _aTuluy, Hasan
700 _aMonga, Celestin
999 _c286409
_d286409